| 000 | 00698nam a22002417a 4500 | ||
|---|---|---|---|
| 003 | OSt | ||
| 005 | 20140310184255.0 | ||
| 008 | 131002t xxu||||| |||| 00| 0 eng d | ||
| 020 | _a0679890696 | ||
| 050 |
_aPZ 7 _b.Os81T23 2001 |
||
| 100 |
_aOsborne, Mary Pope _95061 |
||
| 245 |
_aTwister on Tuesday _cMary Pope Osborne |
||
| 260 |
_aNew York : _bRandom House, _cc2001. |
||
| 300 |
_a70 p. : _bill. ; _c20 cm. |
||
| 440 |
_aMagic tree house ; #23 _922837 |
||
| 521 | _aG2 | ||
| 526 | _c310 | ||
| 650 |
_aTime travel _xFiction. _922838 |
||
| 650 |
_aTornadoes _xFiction. _922839 |
||
| 650 |
_aFrontier and pioneer life _xFiction. _zKansas _922840 |
||
| 942 |
_2lcc _cBK-SCHOLAS |
||
| 999 |
_c33400 _d33400 |
||